000 00824nam a2200217Ia 4500
999 _c39905
_d39905
001 6510
003 GE_BSU
005 20191121172816.0
008 181216s1973||||ge |||||||||||||| ||geo||
040 _cGE_BSU
041 _ageo
080 _a821.353.1-1 გ-12
100 _aგაბრიჩიძე, ნელი.
_95497
245 _aჭრელი გორგალი :
_bლექსები /
_cნელი გაბრიჩიძე ; რედ. მ. ქოიავა.
264 _aთბილისი :
_bმერანი,
_c1973.
300 _a150 გვ.:
_bფოტო გარეკანზე ;
_c17 სმ.
653 _aლექსები
653 _aჭრელი გორგალი
700 _aქოიავა,მ.
_eრედაქტორი
_95512
942 _cBK
_2udc